<?xml version="1.0" encoding="UTF-8"?>
<record
    xmlns:xsi="http://www.w3.org/2001/XMLSchema-instance"
    xsi:schemaLocation="http://www.loc.gov/MARC21/slim http://www.loc.gov/standards/marcxml/schema/MARC21slim.xsd"
    xmlns="http://www.loc.gov/MARC21/slim">

  <leader>00683nam a2200229 a 4500</leader>
  <controlfield tag="001">18669</controlfield>
  <controlfield tag="003">CO-ViMGA</controlfield>
  <controlfield tag="008">141112s2004    ck      r     000 u spa d</controlfield>
  <datafield tag="020" ind1=" " ind2=" ">
    <subfield code="a">980251084X</subfield>
  </datafield>
  <datafield tag="040" ind1=" " ind2=" ">
    <subfield code="a">CO-ViMGA</subfield>
    <subfield code="b">spa</subfield>
    <subfield code="c">CO-ViMGA</subfield>
  </datafield>
  <datafield tag="082" ind1="0" ind2="4">
    <subfield code="a">371.8974 F734t</subfield>
  </datafield>
  <datafield tag="100" ind1="1" ind2=" ">
    <subfield code="a">Freinet, Celestin</subfield>
    <subfield code="9">26589</subfield>
  </datafield>
  <datafield tag="245" ind1="1" ind2="0">
    <subfield code="a">El texto libre . El periodico escolar</subfield>
  </datafield>
  <datafield tag="260" ind1=" " ind2=" ">
    <subfield code="a">Caracas (Venezuela), </subfield>
    <subfield code="c">Laboratorio educativo</subfield>
  </datafield>
  <datafield tag="300" ind1=" " ind2=" ">
    <subfield code="a">143.p.</subfield>
  </datafield>
  <datafield tag="590" ind1=" " ind2=" ">
    <subfield code="a">Forma de adquisici&#xF3;n : Premio - Mincultura</subfield>
  </datafield>
  <datafield tag="650" ind1="1" ind2="4">
    <subfield code="a">ARTE DE ESCRIBIR</subfield>
    <subfield code="9">22899</subfield>
  </datafield>
  <datafield tag="650" ind1="1" ind2="4">
    <subfield code="a">METODOS DE ENSE&#xD1;ANZA</subfield>
    <subfield code="9">4790</subfield>
  </datafield>
  <datafield tag="650" ind1="1" ind2="4">
    <subfield code="a">PERIODISMO ESTUDIANTIL</subfield>
    <subfield code="9">26590</subfield>
  </datafield>
  <datafield tag="650" ind1="1" ind2="4">
    <subfield code="a">REDACCION DE ESCRITOS</subfield>
    <subfield code="9">26591</subfield>
  </datafield>
  <datafield tag="942" ind1=" " ind2=" ">
    <subfield code="2">ddc</subfield>
    <subfield code="c">BK</subfield>
  </datafield>
  <datafield tag="999" ind1=" " ind2=" ">
    <subfield code="c">27919</subfield>
    <subfield code="d">27919</subfield>
  </datafield>
  <datafield tag="952" ind1=" " ind2=" ">
    <subfield code="0">0</subfield>
    <subfield code="1">0</subfield>
    <subfield code="2">ddc</subfield>
    <subfield code="4">0</subfield>
    <subfield code="7">0</subfield>
    <subfield code="8">003</subfield>
    <subfield code="a">MEVIECAR</subfield>
    <subfield code="b">MEVIECAR</subfield>
    <subfield code="d">2015-12-04</subfield>
    <subfield code="h">Volumen. 1 | 11/jun/2009</subfield>
    <subfield code="l">0</subfield>
    <subfield code="o">371.8974 F734t </subfield>
    <subfield code="p">18669</subfield>
    <subfield code="r">2015-12-04 00:00:00</subfield>
    <subfield code="t">Ej. 1</subfield>
    <subfield code="w">2015-12-04</subfield>
    <subfield code="y">BK</subfield>
  </datafield>
  <datafield tag="952" ind1=" " ind2=" ">
    <subfield code="0">0</subfield>
    <subfield code="1">0</subfield>
    <subfield code="2">ddc</subfield>
    <subfield code="4">0</subfield>
    <subfield code="7">0</subfield>
    <subfield code="8">GEN</subfield>
    <subfield code="a">MECUMARA</subfield>
    <subfield code="b">MECUMARA</subfield>
    <subfield code="c">GEN</subfield>
    <subfield code="d">2024-06-05</subfield>
    <subfield code="l">0</subfield>
    <subfield code="o">371.897F72t</subfield>
    <subfield code="p">CUM00338</subfield>
    <subfield code="r">2024-06-05 21:47:53</subfield>
    <subfield code="t">Ej.1</subfield>
    <subfield code="w">2024-06-05</subfield>
    <subfield code="y">BK</subfield>
  </datafield>
  <datafield tag="952" ind1=" " ind2=" ">
    <subfield code="0">0</subfield>
    <subfield code="1">0</subfield>
    <subfield code="2">ddc</subfield>
    <subfield code="4">0</subfield>
    <subfield code="7">0</subfield>
    <subfield code="8">GEN</subfield>
    <subfield code="a">MEPLOPEZ</subfield>
    <subfield code="b">MEPLOPEZ</subfield>
    <subfield code="c">GEN</subfield>
    <subfield code="d">2025-05-29</subfield>
    <subfield code="l">0</subfield>
    <subfield code="o">371.8974 F734t</subfield>
    <subfield code="p">PLZ02100</subfield>
    <subfield code="r">2025-05-29 16:54:06</subfield>
    <subfield code="t">Ej.1</subfield>
    <subfield code="w">2025-05-29</subfield>
    <subfield code="y">BK</subfield>
  </datafield>
  <datafield tag="952" ind1=" " ind2=" ">
    <subfield code="0">0</subfield>
    <subfield code="1">0</subfield>
    <subfield code="2">ddc</subfield>
    <subfield code="4">0</subfield>
    <subfield code="7">0</subfield>
    <subfield code="8">GEN</subfield>
    <subfield code="a">MERESTRE</subfield>
    <subfield code="b">MERESTRE</subfield>
    <subfield code="c">GEN</subfield>
    <subfield code="d">2025-07-18</subfield>
    <subfield code="l">0</subfield>
    <subfield code="o">371.8974 F734t</subfield>
    <subfield code="p">RES00601</subfield>
    <subfield code="r">2025-07-18 15:40:27</subfield>
    <subfield code="t">Ej.1</subfield>
    <subfield code="w">2025-07-18</subfield>
    <subfield code="y">BK</subfield>
  </datafield>
  <datafield tag="952" ind1=" " ind2=" ">
    <subfield code="0">0</subfield>
    <subfield code="1">0</subfield>
    <subfield code="2">lcc</subfield>
    <subfield code="4">0</subfield>
    <subfield code="7">0</subfield>
    <subfield code="8">GEN</subfield>
    <subfield code="a">MEPCONCO</subfield>
    <subfield code="b">MEPCONCO</subfield>
    <subfield code="c">GEN</subfield>
    <subfield code="d">2026-02-09</subfield>
    <subfield code="l">0</subfield>
    <subfield code="o">371.8974 F734t</subfield>
    <subfield code="p">PCON00870</subfield>
    <subfield code="r">2026-02-09 20:50:03</subfield>
    <subfield code="t">Ej.1</subfield>
    <subfield code="w">2026-02-09</subfield>
    <subfield code="y">BK</subfield>
  </datafield>
</record>
